| 000 | 00480nam a2200169 i 4500 | ||
|---|---|---|---|
| 001 | 36819 | ||
| 003 | ES-MaACL | ||
| 005 | 20230906155440.0 | ||
| 007 | t| | ||
| 008 | 030219s1963 xxk ||||1| eng d | ||
| 100 | 1 |
_aBullen, K. E. _932510 |
|
| 245 | 1 | 0 |
_aAn introduction to the theory of seismology / _cby K.E. Bullen. |
| 250 | _a3rd ed. | ||
| 260 |
_aCambridge : _bUniversity Press, _c1963. |
||
| 300 |
_aVIII, 381 p. : _bil. ; _c22 cm. |
||
| 852 |
_aES-MaACL _jC-33586 _bR.64501 |
||
| 999 |
_c36819 _d36819 |
||